El riego: fundamentos hidráulicos
保存先:
| 第一著者: | |
|---|---|
| フォーマット: | 図書 |
| 言語: | スペイン語 |
| 出版事項: |
Madrid
Mundi-Prensa Libros
2009
|
| 版: | 4a. ed |
| 主題: | |
| タグ: |
タグ追加
タグなし, このレコードへの初めてのタグを付けませんか!
|
MARC
| LEADER | 00000cam a2200000 a 4500 | ||
|---|---|---|---|
| 001 | UCE5034 | ||
| 003 | CL-VaPUC | ||
| 005 | 20241014160725.0 | ||
| 008 | 141127e20090000sp |||||||||||||||||spa|d | ||
| 999 | |c 357862 |d 357860 | ||
| 020 | |a 9788484763543 | ||
| 040 | |c Pontificia Universidad Católica de Valparaíso | ||
| 082 | 0 | 4 | |a 631.587 |b LOS |2 21 |
| 100 | |a Losada Villasante, Alberto |e autor |9 577519 | ||
| 245 | 1 | 3 | |a El riego: fundamentos hidráulicos |
| 250 | |a 4a. ed | ||
| 260 | |a Madrid |b Mundi-Prensa Libros |c 2009 | ||
| 300 | |a 461 p | ||
| 583 | |a last modification |c 20141205 12:45:36 |k Rodrigo Vera | ||
| 650 | 0 | |a Riego |9 259685 |x Hidráulica | |
| 650 | 0 | |a Propiedades de los fluidos |9 426534 | |
| 650 | 0 | |a Hidrodinámica |9 261326 | |
| 650 | 0 | |a Hidromecánica |9 348405 | |
| 942 | |c BK |2 ddc | ||
| 945 | |d 20141127 16:34:00 |a arojas | ||
| 952 | |0 0 |1 0 |3 erb |4 0 |6 631_587000000000000_LOS_2009 |7 0 |8 A |9 465977 |a BIBAGR |b BIBAGR |i 5126770 |l 3 |o 631.587 LOS 2009 |p 5126770 |r 2025-01-20 |s 2024-04-26 |w 2019-11-23 |y BK |z Catalogado en:20141127 |k AGR | ||
| 952 | |0 0 |1 0 |3 erb |4 0 |6 631_587000000000000_LOS_2009 |7 0 |8 A |9 465978 |a BIBAGR |b BIBAGR |i 513384K |o 631.587 LOS 2009 |p 513384K |r 2025-01-20 |w 2019-11-23 |y BK |z Catalogado en:20150109 |k AGR | ||